Uma história por dia (Registo nº 4357)

Detalhes MARC
000 -Etiqueta do registo
Cabeçalho 00888cam a2200349 4500
005 - Identificador da versão
Campo de controlo 20240813122059.0
095 ## -
-- PTBN00994843
010 ## - Número internacional normalizado dos livros (ISBN)
Número (ISBN) 9728116055
Número (ISBN) 972-8116-06-3
Número (ISBN) 972-8116-07-1
Número (ISBN) 972-8116-08-X
021 ## - Número do Depósito Legal
Código do país PT
Número 116837/97
Código do país PT
Código do país PT
Código do país PT
100 ## - Dados gerais de processamento
Dados gerais de processamento 19980528d1997 c y0pory5003 ba
102 ## - Pais de publicação ou produção
País de publicação Portugal
101 1# - Língua de publicação
Língua do texto, banda sonora, etc. Português
106 ## - Campo de dados codificados: material textual
Dados codificados do material textual r
105 ## - Campo de dados codificados: livros
Dados codificados dos livros a z 001yy
215 ## - Descrição física 
Dimensões 28 cm
200 1# - Titulo e menção de responsabilidade
Título próprio Uma história por dia
Primeira menção de responsabilidade Walt Disney
210 ## - Publicação, Distribuição, etc. 
Lugar da edição, distribuição, etc. Linda-a-Velha
Nome do editor, distribuidor, etc. Abril-Controljornal
Data da publicação, distribuição, etc. D.L. 1997
327 1# - Nota de conteúdo 
Texto da nota [2º v.]> Verão. - 164 p.
-- [2º v.]> Verão. - 164 p.
675 ## - Classificação Decimal Universal (CDU)
Notação 087.5
Edição BN
Língua da edição por
702 #1 - Nome de autor-pessoa física (responsabilidade secundária)
Número de registo de entrada de autoridade 0000214
Palavra de ordem Disney
Outra parte do nome não tomada para palavra de ordem Walt
Datas 1901-1966
Código de função Antecedente bibliográfico
710 02 - Nome de colectividade-autor (responsabilidade principal)
Número de registo de entrada de autoridade 0000215
Palavra de ordem Walt Disney Productions
942 ## - Elementos de entrada adicionados (Koha)
Tipo de item no Koha Livro
Exemplares
Situação do levantamento Origin of item (home branch) (coded) Biblioteca de empréstimo Código de barras Cota Circulation type (not for loan) Tipo de documento Nota do exemplar Damaged status
  Biblioteca Escolar das Vendas Biblioteca Escolar das Vendas BEV70/2002 8EST DIS   Livro Sem mensagem